Professor Amiya Bagchi as I know him (Record no. 529368)

000 -LEADER
fixed length control field 00943nam a22001337a 4500
008 - FIXED-LENGTH DATA ELEMENTS--GENERAL INFORMATION
fixed length control field 250317b ||||| |||| 00| 0 eng d
100 ## - MAIN ENTRY--PERSONAL NAME
Personal name Bhattacharya, Malini
245 ## - TITLE STATEMENT
Title Professor Amiya Bagchi as I know him
260 ## - PUBLICATION, DISTRIBUTION, ETC. (IMPRINT)
Place of publication, distribution, etc Social Scientist
300 ## - PHYSICAL DESCRIPTION
Extent 52(11-12), Nov-Dec, 2024: p.3-8
520 ## - SUMMARY, ETC.
Summary, etc Professor Amiya Bagchi was never formally my leached. No. not even in his salad days as a teacher (1958-59) when his absurdly youthful looks made the callow students of the ‘intermediate arts class at presidency college think of him as one of their own when be entered the lecture room for the first time of course they were soon disabused as the young teacher researchers of my generation belonging to the so-called ‘human science would, however, like myself, acknowledge professor Amiay Bagchi as one of the greatest shaping influences in their lives. – Reproduced
773 ## - HOST ITEM ENTRY
Main entry heading Social Scientist
942 ## - ADDED ENTRY ELEMENTS (KOHA)
Item type Articles
Holdings
Withdrawn status Lost status Source of classification or shelving scheme Damaged status Not for loan Permanent location Current location Date acquired Serial Enumeration / chronology Barcode Date last seen Koha item type
          Indian Institute of Public Administration Indian Institute of Public Administration 2025-03-17 52(11-12), Nov-Dec, 2024: p.3-8 AR135376 2025-03-17 Articles

Powered by Koha